Večerní vzpomínka píseň a slowfox /

Main Author: Ducháč, Miloslav, 1924-2008
Other Authors: Dvořák, Vlasta, 1928-2010
Language: Czech
Published: Praha : Státní hudební nakladatelství, 1953
Edition: 1. vyd.
Series: Zpíváme
Physical Description: 1 sv. (nestránkován)
Musical Score Musical Score
Saved in:
LEADER 00976ncm a22002652a 4500
001 000972830
003 CZ BrMZK
005 20100701101703.0
007 qu
008 091022s1953 xr |||||||||||||||||cze d
040 |a BOA001  |b cze 
072 7 |a 784  |x Vokální hudba  |2 Konspekt  |9 9 
100 1 |a Ducháč, Miloslav,  |d 1924-2008  |7 jn20000400561  |4 cmp 
245 1 0 |a Večerní vzpomínka  |h [hudebnina] :  |b píseň a slowfox /  |c Miloslav Ducháč ; slova V. Dvořák 
250 |a 1. vyd. 
260 |a Praha :  |b Státní hudební nakladatelství,  |c 1953 
300 |a 1 sv. (nestránkován) 
490 1 |a Zpíváme ;  |v 4 
700 1 |a Dvořák, Vlasta,  |d 1928-2010  |7 mzk2005286481  |4 lyr 
830 0 |a Zpíváme 
910 |a BOA001  |b Mus1-0304.311 
990 |a MU 
991 |b 201007 
996 6 |b 2619441925  |c Mus1-0304.311  |l MZK  |r Sklad / do 1 hodiny  |n 0  |w 000972830  |u 000020  |a 1  |e BOA001  |j MZK50  |s P 
996 7 |b 2619441926  |c Mus1-0304.311  |l MZK  |r Sklad / do 1 hodiny  |n 0  |w 000972830  |u 000010  |a 1  |e BOA001  |j MZK50  |s A